[Event "Plzen, FSB A"]
[Site "?"]
[Date "2003.??.??"]
[Round "4.20"]
[White "Vlcek, J."]
[Black "Kuba, J."]
[Result "0-1"]
[WhiteElo "1840"]
[BlackElo "2180"]
[PlyCount "118"]
[EventDate "2003.??.??"]
[Source "ChessBase"]
[SourceDate "1996.11.15"]

1. d4 Nf6 2. c4 e5 3. dxe5 Ng4 4. Nf3 Bb4+ 5. Bd2 Bc5 6. e3 Nc6 7. Be2 O-O 8.
Nc3 Ngxe5 9. Nxe5 Nxe5 10. Ne4 Be7 11. Bc3 Nc6 12. Bd3 d6 13. Qh5 f5 14. Ng3 g6
15. Qe2 Bf6 16. Qd2 Be6 17. h4 Bxh4 18. Ne2 Ne5 19. O-O-O Bf6 20. Nf4 Bf7 21.
Nd5 Bxd5 22. cxd5 Nxd3+ 23. Qxd3 Bxc3 24. Qxc3 Qf6 25. Rd4 Rac8 26. Kb1 Rf7 27.
Qa3 a6 28. Rc4 Qe5 29. Rd4 f4 30. Qd3 fxe3 31. Re4 Qf5 32. f3 Qg5 33. Rg4 Qf5
34. Re4 Re7 35. Qxe3 Rce8 36. Re1 Rxe4 37. fxe4 Qg4 38. Re2 Re5 39. Kc2 Kg7 40.
Kd3 Qd7 41. b3 Qb5+ 42. Kd2 Qa5+ 43. Kd1 Rh5 44. Qd4+ Kg8 45. Qg1 Qc3 46. Re1
Qa1+ 47. Kc2 Qxa2+ 48. Kc3 Qa5+ 49. Kb2 Qd2+ 50. Ka3 b5 51. Qf1 c5 52. Re2 Qd3
53. Qe1 Re5 54. Re3 b4+ 55. Ka2 Qc2+ 56. Ka1 Kg7 57. Qf1 Rxe4 58. Rf3 Re7 59.
Rf8 Qc3+ 0-1

[Event "Plzen, FSB A"]
[Site "?"]
[Date "2003.??.??"]
[Round "4.22"]
[White "Freisler, P."]
[Black "Barbet, L."]
[Result "1-0"]
[WhiteElo "2329"]
[BlackElo "1900"]
[PlyCount "44"]
[EventDate "2003.??.??"]
[Source "ChessBase"]
[SourceDate "1996.11.15"]

1. Nf3 d5 2. g3 Nf6 3. Bg2 Nbd7 4. O-O e6 5. d3 Be7 6. Nbd2 O-O 7. e4 dxe4 8.
dxe4 c6 9. e5 Ng4 10. Qe2 Qc7 11. Nc4 b5 12. Na3 b4 13. Nc4 Ba6 14. Bf4 Nb6 15.
Nfd2 Rfd8 16. Qxg4 h5 17. Qxh5 Nxc4 18. Be4 g6 19. Bxg6 fxg6 20. Qxg6+ Kh8 21.
Qh6+ Kg8 22. Qxe6+ Kg7 1-0

[Event "Plzen, FSB A"]
[Site "?"]
[Date "2003.??.??"]
[Round "4.23"]
[White "Cichy, M."]
[Black "Kantorik, M."]
[Result "0-1"]
[WhiteElo "2097"]
[BlackElo "2272"]
[PlyCount "86"]
[EventDate "2003.??.??"]
[Source "ChessBase"]
[SourceDate "1996.11.15"]

1. e4 Nf6 2. e5 Nd5 3. d4 d6 4. c4 Nb6 5. exd6 exd6 6. Nc3 Be7 7. Be3 O-O 8.
Nf3 Bg4 9. Be2 d5 10. Ne5 Bxe2 11. Qxe2 dxc4 12. Nxc4 Nc6 13. O-O Bf6 14. Nxb6
axb6 15. Qf3 Qd7 16. Rfd1 Rfd8 17. Rac1 Ra5 18. h3 Rf5 19. Qg3 Nxd4 20. Bxd4
Bxd4 21. Rxd4 Qxd4 22. Rd1 Qxd1+ 23. Nxd1 Rxd1+ 24. Kh2 Rc5 25. Qf3 Rd2 26. Qe3
Rd8 27. Qe7 Ra8 28. Qe4 g6 29. a3 Rd8 30. Qe7 Rd2 31. b4 Rcc2 32. Qe8+ Kg7 33.
Qe5+ Kf8 34. Qh8+ Ke7 35. Qxh7 Rxf2 36. Qh4+ f6 37. Qe4+ Kf7 38. Qd4 Kg7 39.
Qd7+ Kh6 40. Kg3 Rxg2+ 41. Kf3 Rgf2+ 42. Kg4 Rc3 43. Qe7 Rg2+ 0-1

[Event "Plzen, FSB A"]
[Site "?"]
[Date "2003.??.??"]
[Round "4.24"]
[White "Skacel, J."]
[Black "Rehorek, M."]
[Result "0-1"]
[WhiteElo "2093"]
[BlackElo "2254"]
[PlyCount "72"]
[EventDate "2003.??.??"]
[Source "ChessBase"]
[SourceDate "1996.11.15"]

1. e4 c5 2. Nc3 a6 3. g3 b5 4. Bg2 Bb7 5. d3 e6 6. Nge2 Nf6 7. O-O d6 8. Re1
Qc7 9. h3 Be7 10. g4 h6 11. Ng3 Nc6 12. Nce2 O-O 13. f4 Nd7 14. Be3 Rfe8 15.
Qd2 Bf8 16. c3 Nb6 17. b3 d5 18. e5 d4 19. Bf2 dxc3 20. Nxc3 Red8 21. Qe2 Nd4
22. Bxd4 Bxg2 23. Be3 Bb7 24. Nce4 Nd5 25. Rac1 Nxe3 26. Qxe3 Rac8 27. b4 c4
28. dxc4 bxc4 29. a3 a5 30. Nc5 Bxc5 31. Qxc5 Qd7 32. Qf2 axb4 33. axb4 Qc6 34.
Ne4 Rd3 35. Kh2 Ra8 36. Rc2 Raa3 0-1

[Event "Plzen, FSB A"]
[Site "?"]
[Date "2003.??.??"]
[Round "4.25"]
[White "Petr, M."]
[Black "Sochor, S."]
[Result "1-0"]
[WhiteElo "2236"]
[BlackElo "2141"]
[PlyCount "73"]
[EventDate "2003.??.??"]
[Source "ChessBase"]
[SourceDate "1996.11.15"]

1. e4 e6 2. d4 d5 3. Nd2 b6 4. Ngf3 Nf6 5. e5 Nfd7 6. c3 c5 7. Be2 Ba6 8. Bxa6
Nxa6 9. O-O c4 10. Re1 Be7 11. Nf1 b5 12. a3 Nab8 13. N3d2 h5 14. Re3 g6 15.
Rh3 Rg8 16. Kh1 Nc6 17. g4 hxg4 18. Qxg4 Qc7 19. Nf3 O-O-O 20. Rh7 Rdf8 21. Bh6
Rh8 22. Bxf8 Rxh7 23. Bxe7 Nxe7 24. Ng5 Rg7 25. Ne3 Qd8 26. Qf4 Nf5 27. Rg1 Qe7
28. Nxf5 gxf5 29. Rg3 Nf8 30. Ne4 Ng6 31. Nd6+ Kb8 32. Qh6 Rg8 33. Qh7 Qf8 34.
Qxf7 Qxf7 35. Nxf7 Kc7 36. Nh6 Rg7 37. h4 1-0

[Event "Plzen, FSB A"]
[Site "?"]
[Date "2003.??.??"]
[Round "4.26"]
[White "Trkulja, Z."]
[Black "Purnoch, J."]
[Result "1-0"]
[WhiteElo "2220"]
[BlackElo "2139"]
[PlyCount "71"]
[EventDate "2003.??.??"]
[Source "ChessBase"]
[SourceDate "1996.11.15"]

1. e4 c5 2. Nf3 d6 3. d4 cxd4 4. Nxd4 Nf6 5. Nc3 a6 6. Bg5 e6 7. f4 Nc6 8. Nf3
h6 9. Bh4 Be7 10. Bd3 b5 11. a3 Bb7 12. O-O b4 13. axb4 Nxb4 14. Qe1 O-O 15.
Kh1 d5 16. e5 Nd7 17. Bxe7 Qxe7 18. Nd4 Nxd3 19. cxd3 Rae8 20. Qg3 f5 21. Nce2
Kh7 22. Rac1 Rc8 23. Rc3 Rc5 24. h3 Rg8 25. Rfc1 g5 26. fxg5 Rxg5 27. Qf2 Rxc3
28. Rxc3 Nxe5 29. Qf4 Qf6 30. Qe3 Rg7 31. Nf4 Nxd3 32. Qxd3 e5 33. Nh5 Qg5 34.
Nxg7 e4 35. Qg3 Kxg7 36. Ne6+ 1-0

[Event "Plzen, FSB A"]
[Site "?"]
[Date "2003.??.??"]
[Round "4.27"]
[White "Brom, J."]
[Black "Beneteau, H."]
[Result "1/2-1/2"]
[WhiteElo "2201"]
[BlackElo "2109"]
[PlyCount "70"]
[EventDate "2003.??.??"]
[Source "ChessBase"]
[SourceDate "1996.11.15"]

1. e4 c5 2. Nf3 e6 3. d3 Nc6 4. g3 d6 5. Bg2 Be7 6. Nbd2 Rb8 7. O-O h5 8. Re1
e5 9. c3 h4 10. d4 cxd4 11. cxd4 hxg3 12. fxg3 Bg4 13. Nb3 Qd7 14. dxe5 dxe5
15. Qxd7+ Bxd7 16. Bd2 a5 17. Be3 b6 18. a3 Nf6 19. Nbd2 Ng4 20. Nf1 Nxe3 21.
Nxe3 Bc5 22. Rac1 f6 23. Kh1 Kf7 24. Bf1 Rbc8 25. Bc4+ Be6 26. Kg2 Bxe3 27.
Bxe6+ Kxe6 28. Rxe3 Nd4 29. Rxc8 Rxc8 30. Nxd4+ exd4 31. Rb3 Rc2+ 32. Kf3 Rxh2
33. Rxb6+ Ke7 34. Rb5 Ke6 35. a4 Rc2 1/2-1/2

[Event "Plzen, FSB A"]
[Site "?"]
[Date "2003.??.??"]
[Round "4.28"]
[White "Priborsky, J."]
[Black "Priborsky, I."]
[Result "1/2-1/2"]
[WhiteElo "2181"]
[BlackElo "2100"]
[PlyCount "27"]
[EventDate "2003.??.??"]
[Source "ChessBase"]
[SourceDate "1996.11.15"]

1. e4 e5 2. Nf3 Nc6 3. Bc4 Nf6 4. d4 exd4 5. e5 d5 6. Bb5 Ne4 7. Nxd4 Bd7 8.
Bxc6 bxc6 9. O-O Bc5 10. f3 Ng5 11. f4 Ne4 12. Be3 Bb6 13. Nc3 Nxc3 14. bxc3
1/2-1/2

[Event "Plzen, FSB A"]
[Site "?"]
[Date "2003.??.??"]
[Round "4.30"]
[White "Vagner, T."]
[Black "Reitinger, P."]
[Result "0-1"]
[WhiteElo "2161"]
[BlackElo "2083"]
[PlyCount "48"]
[EventDate "2003.??.??"]
[Source "ChessBase"]
[SourceDate "1996.11.15"]

1. b3 e5 2. Bb2 Nc6 3. e3 Nf6 4. Nf3 d6 5. d4 exd4 6. Nxd4 g6 7. Nxc6 bxc6 8.
Qf3 Bg7 9. Qxc6+ Bd7 10. Qf3 O-O 11. h3 Be6 12. c4 d5 13. Nd2 Ne4 14. O-O-O
Bxb2+ 15. Kxb2 f5 16. Nxe4 fxe4 17. Qg3 Qf6+ 18. Kc2 dxc4 19. Bxc4 Bxc4 20.
bxc4 Rab8 21. Rb1 Qa6 22. Rb5 Qxa2+ 23. Kc3 Qa3+ 24. Kd4 Qd3+ 0-1

[Event "Plzen, FSB A"]
[Site "?"]
[Date "2003.??.??"]
[Round "4.31"]
[White "Maupin, JP."]
[Black "Galicek, S."]
[Result "1-0"]
[WhiteElo "2040"]
[BlackElo "2155"]
[PlyCount "107"]
[EventDate "2003.??.??"]
[Source "ChessBase"]
[SourceDate "1996.11.15"]

1. d4 d5 2. Nf3 Nf6 3. c4 c6 4. Nc3 e6 5. Bg5 dxc4 6. e4 b5 7. e5 h6 8. Bh4 g5
9. Nxg5 hxg5 10. Bxg5 Nbd7 11. g3 Qb6 12. exf6 Bb7 13. Bg2 O-O-O 14. O-O Bh6
15. Bxh6 Rxh6 16. Ne4 Nxf6 17. Nc5 Nd5 18. a4 a6 19. b3 cxb3 20. Qxb3 Ne7 21.
Rfd1 Nf5 22. Qb2 Rhh8 23. axb5 axb5 24. Rac1 Rd6 25. d5 Rhd8 26. Nxb7 Qxb7 27.
Qc2 Qd7 28. Ra1 Kb8 29. Qa2 Qb7 30. Rd3 Ne7 31. Ra3 Nc8 32. Qc2 cxd5 33. h4 Rb6
34. Qd2 f5 35. Qf4+ Rbd6 36. h5 Qc7 37. Ra5 Qc4 38. Qe5 Nb6 39. Bf1 Qe4 40. Qb2
e5 41. Rxb5 Qd4 42. Qa3 Kc8 43. Qa7 R8d7 44. Rc1+ Kd8 45. Qb8+ Ke7 46. Qg8 e4
47. Rcb1 Qf6 48. Qh7+ Kf8 49. Qg6 Qxg6 50. hxg6 Nc8 51. Rb8 Rd8 52. R1b7 d4 53.
Rf7+ Ke8 54. Bb5+ 1-0

[Event "Plzen, FSB A"]
[Site "?"]
[Date "2003.??.??"]
[Round "4.33"]
[White "Fales, A."]
[Black "Londyn, R."]
[Result "0-1"]
[WhiteElo "1937"]
[BlackElo "2152"]
[PlyCount "126"]
[EventDate "2003.??.??"]
[Source "ChessBase"]
[SourceDate "1996.11.15"]

1. e4 c5 2. Nc3 Nc6 3. f4 g6 4. Nf3 Bg7 5. d3 e6 6. Be3 Nd4 7. Qd2 Ne7 8. Nd1
Nec6 9. Ng5 e5 10. c3 exf4 11. Bxf4 Ne6 12. Nxe6 dxe6 13. Be2 e5 14. Be3 Qd6
15. O-O O-O 16. Bh6 Be6 17. Bxg7 Kxg7 18. Qg5 Qd8 19. Qg3 h6 20. Ne3 Qg5 21.
Qf2 Rad8 22. h4 Qe7 23. Qg3 Kh7 24. Ng4 Bxg4 25. Bxg4 h5 26. Be2 Rd6 27. Qf2 b6
28. g3 Kg7 29. Qe3 Rfd8 30. Rf2 Rf6 31. Bf3 Rdd6 32. Raf1 Qd8 33. Rd1 Qh8 34.
Rfd2 Qh6 35. Qxh6+ Kxh6 36. Kg2 Kg7 37. a3 a5 38. Rb1 Kf8 39. Kf2 Ke7 40. Ke3
Rd8 41. Bd1 Rf1 42. Rh2 Rd6 43. Bc2 Rdf6 44. Rxf1 Rxf1 45. Bb3 Nd8 46. Bd5 Ne6
47. Rf2 Rg1 48. Kf3 f6 49. Bc4 g5 50. Rh2 g4+ 51. Kf2 Rb1 52. Ke3 Rf1 53. Ke2
Rb1 54. Ke3 Ng7 55. Rg2 Ne8 56. d4 Nd6 57. Bd3 Rc1 58. dxe5 fxe5 59. Rc2 Rg1
60. Kf2 Ra1 61. Rd2 c4 62. Bc2 Rc1 63. Ba4 Nxe4+ 0-1

[Event "Plzen, FSB A"]
[Site "?"]
[Date "2003.??.??"]
[Round "4.34"]
[White "Havlik jr., J."]
[Black "Vrana, J."]
[Result "1/2-1/2"]
[WhiteElo "2151"]
[BlackElo "1855"]
[PlyCount "29"]
[EventDate "2003.??.??"]
[Source "ChessBase"]
[SourceDate "1996.11.15"]

1. e4 e5 2. Bc4 Nc6 3. Nf3 Bc5 4. O-O d6 5. h3 Nf6 6. c3 Bb6 7. d4 O-O 8. Re1
h6 9. a4 a5 10. b3 Re8 11. d5 Ne7 12. Ba3 Ng6 13. Bb5 Rf8 14. Nbd2 Nh7 15. Nc4
1/2-1/2

[Event "Plzen, FSB A"]
[Site "?"]
[Date "2003.??.??"]
[Round "4.35"]
[White "Horak, M."]
[Black "Beran, B."]
[Result "1-0"]
[WhiteElo "2341"]
[BlackElo "1935"]
[PlyCount "53"]
[EventDate "2003.??.??"]
[Source "ChessBase"]
[SourceDate "1996.11.15"]

1. e4 e5 2. Bc4 Nf6 3. Qe2 Be7 4. Nf3 d6 5. c3 O-O 6. Bb3 Nc6 7. d3 Be6 8. Bc2
Bg4 9. h3 Bh5 10. g4 Bg6 11. Nbd2 d5 12. Nf1 dxe4 13. dxe4 Qd7 14. Ng3 Rfd8 15.
Nh4 Ne8 16. Nxg6 hxg6 17. h4 Nf6 18. g5 Nh7 19. h5 Nf8 20. hxg6 fxg6 21. Bb3+
Ne6 22. Qg4 Kf7 23. Rh7 Rg8 24. Nf5 gxf5 25. Qxf5+ Ke8 26. Bxe6 Qd3 27. Qf7+
1-0

[Event "Plzen, FSB A"]
[Site "?"]
[Date "2003.??.??"]
[Round "4.36"]
[White "Sladek, J."]
[Black "Hrbolka jr., L."]
[Result "0-1"]
[WhiteElo "2081"]
[BlackElo "2207"]
[PlyCount "56"]
[EventDate "2003.??.??"]
[Source "ChessBase"]
[SourceDate "1996.11.15"]

1. e4 c5 2. Nf3 d6 3. d4 cxd4 4. Nxd4 Nf6 5. Nc3 Nc6 6. f3 e6 7. Be3 Be7 8. Qd2
O-O 9. O-O-O a6 10. g4 Nxd4 11. Bxd4 b5 12. h4 Nd7 13. Be3 Bb7 14. Rh3 Rc8 15.
Kb1 Qc7 16. Bg5 Nf6 17. Bd3 Rfe8 18. Ne2 Nd7 19. Bxe7 Rxe7 20. g5 d5 21. exd5
Bxd5 22. Nf4 Bb7 23. h5 Nc5 24. Bxh7+ Kxh7 25. g6+ Kg8 26. h6 Rd7 27. h7+ Kh8
28. gxf7 Qxf4 0-1

[Event "Plzen, FSB A"]
[Site "?"]
[Date "2003.??.??"]
[Round "4.37"]
[White "Cvikl, M."]
[Black "Cifka, S."]
[Result "0-1"]
[WhiteElo "2078"]
[BlackElo "2160"]
[PlyCount "116"]
[EventDate "2003.??.??"]
[Source "ChessBase"]
[SourceDate "1996.11.15"]

1. Nf3 Nf6 2. c4 e6 3. g3 b6 4. Bg2 Bb7 5. O-O Be7 6. d4 O-O 7. Nc3 Ne4 8. Nxe4
Bxe4 9. Nd2 Bxg2 10. Kxg2 d5 11. Qc2 c5 12. dxc5 Bxc5 13. cxd5 Qxd5+ 14. Qe4
Rd8 15. Qxd5 Rxd5 16. Ne4 Nc6 17. Nxc5 bxc5 18. e4 Rd4 19. Be3 Rxe4 20. Bxc5
Nb4 21. Rfd1 Rc4 22. Bxb4 Rxb4 23. b3 a5 24. Rac1 a4 25. bxa4 Rbxa4 26. Rd2 g5
27. Rc5 h6 28. Rcc2 Kg7 29. h3 Kg6 30. Rb2 Ra3 31. Rdc2 R8a4 32. Rd2 h5 33.
Rdc2 h4 34. gxh4 Rxh4 35. Rb3 Rha4 36. Rxa3 Rxa3 37. Rb2 f5 38. Rc2 f4 39. Rb2
Kf5 40. Rc2 e5 41. Rb2 Ra5 42. f3 Ra3 43. Re2 Kf6 44. Rb2 Kg6 45. Re2 Kh5 46.
Rf2 Kh4 47. Kh2 e4 48. fxe4 Rxh3+ 49. Kg1 Re3 50. e5 Rxe5 51. a4 Ra5 52. Ra2
Kg3 53. Kf1 f3 54. Ra1 g4 55. Kg1 Kf4 56. Kf2 g3+ 57. Kg1 Rh5 58. Ra3 f2+ 0-1

[Event "Plzen, FSB A"]
[Site "?"]
[Date "2003.??.??"]
[Round "4.38"]
[White "Podbrdsky, P."]
[Black "Staszko, M."]
[Result "1-0"]
[WhiteElo "2142"]
[BlackElo "2083"]
[PlyCount "77"]
[EventDate "2003.??.??"]
[Source "ChessBase"]
[SourceDate "1996.11.15"]

1. Nf3 d5 2. d4 Nf6 3. c4 e6 4. Bg5 Be7 5. e3 O-O 6. Nc3 h6 7. Bh4 Ne4 8. Bxe7
Qxe7 9. Bd3 Nxc3 10. bxc3 dxc4 11. Bxc4 Nd7 12. O-O e5 13. Nxe5 Nxe5 14. dxe5
Qxe5 15. Qd4 Re8 16. Rab1 Qe7 17. Rfd1 c5 18. Qf4 Be6 19. Bxe6 fxe6 20. Qa4 Rf8
21. f3 b6 22. Rd7 Qf6 23. Qc4 Rad8 24. Rbd1 Rxd7 25. Rxd7 Qg6 26. Qd3 Qxd3 27.
Rxd3 b5 28. Rd6 Kf7 29. Rd7+ Kf6 30. Rxa7 Rd8 31. Rb7 Rd3 32. e4 Ke5 33. Rxb5
Rxc3 34. Rb2 Kd4 35. Kf2 c4 36. Rd2+ Rd3 37. Ke2 Kc3 38. Rxd3+ cxd3+ 39. Kd1
1-0

[Event "Plzen, FSB A"]
[Site "?"]
[Date "2003.??.??"]
[Round "4.39"]
[White "Vrchotka, J."]
[Black "Vladyka, V."]
[Result "1/2-1/2"]
[WhiteElo "2140"]
[BlackElo "2079"]
[PlyCount "35"]
[EventDate "2003.??.??"]
[Source "ChessBase"]
[SourceDate "1996.11.15"]

1. e4 e5 2. Nc3 Nc6 3. d3 Nf6 4. g3 Be7 5. Bg2 d6 6. Nge2 Bg4 7. Be3 Qd7 8. h3
Bh5 9. Qd2 h6 10. f4 Bg6 11. f5 Bh7 12. g4 O-O-O 13. a4 Kb8 14. Nd5 Nxd5 15.
exd5 Bh4+ 16. Kd1 Ne7 17. b4 f6 18. Qc3 1/2-1/2

[Event "Plzen, FSB A"]
[Site "?"]
[Date "2003.??.??"]
[Round "4.44"]
[White "Kratochvil, J."]
[Black "Bartonicek sr., Z."]
[Result "0-1"]
[WhiteElo "1977"]
[BlackElo "2127"]
[PlyCount "86"]
[EventDate "2003.??.??"]
[Source "ChessBase"]
[SourceDate "1996.11.15"]

1. e4 c5 2. Nf3 Nc6 3. d4 cxd4 4. Nxd4 g6 5. c4 Bg7 6. Be3 Nf6 7. Nc3 O-O 8.
Be2 d6 9. O-O Bd7 10. Qd2 a5 11. b3 Nxd4 12. Bxd4 Bc6 13. f3 Nd7 14. Be3 Nc5
15. Rab1 Qb6 16. Rfc1 Rfc8 17. Rc2 Qd8 18. a3 a4 19. b4 Nb3 20. Qd3 Bd7 21. Bd1
Be6 22. Nd5 Bxd5 23. cxd5 Rxc2 24. Bxc2 Rc8 25. Bd2 Nxd2 26. Qxd2 b5 27. Bd3
Rc3 28. Kf1 Rxa3 29. Bxb5 Qb6 30. Be2 Be5 31. f4 Bd4 32. Rc1 Rb3 33. b5 Bg1 34.
Bd1 Rd3 35. Qb2 f6 36. Bxa4 Bxh2 37. Qc2 Qg1+ 38. Ke2 Qe3+ 39. Kf1 Rd2 40. Qxd2
Qxd2 41. Rc8+ Kf7 42. b6 Bg3 43. Be8+ Kg7 0-1

[Event "Plzen, FSB A"]
[Site "?"]
[Date "2003.??.??"]
[Round "4.45"]
[White "Jirasek, P."]
[Black "Hajek, J."]
[Result "1-0"]
[WhiteElo "2126"]
[BlackElo "2029"]
[PlyCount "47"]
[EventDate "2003.??.??"]
[Source "ChessBase"]
[SourceDate "1996.11.15"]

1. e4 c5 2. Nc3 Nc6 3. g3 e6 4. Bg2 d6 5. Nge2 Nge7 6. O-O Nd4 7. d3 Nec6 8.
Be3 Be7 9. Qd2 Rb8 10. f4 b5 11. g4 b4 12. Nd1 e5 13. f5 Nxe2+ 14. Qxe2 Bg5 15.
Qd2 Bxe3+ 16. Nxe3 Qh4 17. Nc4 Kd7 18. Rf3 Nd4 19. Rg3 h6 20. a3 b3 21. c3 Nc6
22. g5 Ba6 23. g6 Ke7 24. gxf7 1-0

[Event "Plzen, FSB A"]
[Site "?"]
[Date "2003.??.??"]
[Round "4.46"]
[White "Kovar, J."]
[Black "Novacek, K."]
[Result "0-1"]
[WhiteElo "1922"]
[BlackElo "2116"]
[PlyCount "38"]
[EventDate "2003.??.??"]
[Source "ChessBase"]
[SourceDate "1996.11.15"]

1. e4 e5 2. Nf3 Nc6 3. Bb5 f5 4. Nc3 fxe4 5. Nxe4 Nf6 6. d3 d5 7. Nxf6+ Qxf6 8.
Bg5 Qf5 9. Qd2 Bd6 10. O-O O-O 11. Rae1 Bd7 12. Bh4 Rae8 13. Bg3 h6 14. a3 Qh5
15. c4 Rxf3 16. gxf3 Nd4 17. Qd1 c6 18. Ba4 Nxf3+ 19. Kg2 Bg4 0-1

[Event "Plzen, FSB A"]
[Site "?"]
[Date "2003.??.??"]
[Round "4.47"]
[White "Novy, V."]
[Black "Micka, V."]
[Result "1/2-1/2"]
[WhiteElo "2107"]
[BlackElo "1982"]
[PlyCount "64"]
[EventDate "2003.??.??"]
[Source "ChessBase"]
[SourceDate "1996.11.15"]

1. e4 e6 2. d4 d5 3. e5 c5 4. c3 Nc6 5. Nf3 Qb6 6. Bd3 Bd7 7. O-O Rc8 8. Nbd2
cxd4 9. cxd4 Nb4 10. Bb1 Bb5 11. Re1 Nd3 12. Bxd3 Bxd3 13. Nb3 Bc2 14. Qe2 Bb4
15. Bd2 Bxb3 16. Bxb4 Qxb4 17. axb3 a6 18. Rac1 Ne7 19. Rxc8+ Nxc8 20. Rc1 Ne7
21. Qd3 h6 22. Kf1 O-O 23. Ke2 Nc6 24. Rc5 Rc8 25. Ke3 Ne7 26. Rxc8+ Nxc8 27.
Qc3 Qxc3+ 28. bxc3 b5 29. Ne1 Kf8 30. Nd3 a5 31. Nc5 Ke7 32. Kd3 Na7 1/2-1/2

[Event "Plzen, FSB A"]
[Site "?"]
[Date "2003.??.??"]
[Round "4.48"]
[White "Adamek, F."]
[Black "Toman, J."]
[Result "0-1"]
[WhiteElo "2015"]
[BlackElo "2107"]
[PlyCount "39"]
[EventDate "2003.??.??"]
[Source "ChessBase"]
[SourceDate "1996.11.15"]

1. e4 d6 2. d4 Nf6 3. Nc3 g6 4. f4 Bg7 5. Nf3 O-O 6. h3 c5 7. dxc5 Qa5 8. cxd6
Nxe4 9. dxe7 Re8 10. Ne5 Nxc3 11. bxc3 Qxc3+ 12. Bd2 Qg3+ 13. Ke2 Rxe7 14. Bb4
Rxe5+ 15. fxe5 Qxe5+ 16. Kf2 Qd4+ 17. Kf3 Qxb4 18. Qd8+ Qf8 19. Rd1 Nc6 20. Qc7
0-1

[Event "Plzen, FSB A"]
[Site "?"]
[Date "2003.??.??"]
[Round "4.49"]
[White "Prazak, O."]
[Black "Kratochvil, M."]
[Result "1/2-1/2"]
[WhiteElo "2010"]
[BlackElo "2102"]
[PlyCount "75"]
[EventDate "2003.??.??"]
[Source "ChessBase"]
[SourceDate "1996.11.15"]

1. d4 d6 2. e4 g6 3. c4 Bg7 4. Nc3 Nf6 5. f3 O-O 6. Be3 e5 7. Nge2 c6 8. Qd2
Nbd7 9. O-O-O a6 10. g4 b5 11. Ng3 Qa5 12. Kb1 exd4 13. Bxd4 Ne5 14. Be2 b4 15.
f4 Nexg4 16. Bxg4 Bxg4 17. Nce2 Rad8 18. Rhe1 Rfe8 19. e5 dxe5 20. fxe5 Nd7 21.
Qf4 Bxe2 22. Rxe2 c5 23. e6 fxe6 24. Bxg7 Kxg7 25. Ne4 e5 26. Qe3 Qc7 27. Rd5
Nb6 28. Rxc5 Rd1+ 29. Kc2 Qd7 30. Nd2 Rh1 31. Rxe5 Nxc4 32. Re7+ Rxe7 33. Qxe7+
Qxe7 34. Rxe7+ Kf6 35. Rxh7 Nxd2 36. Kxd2 Ra1 37. Kc2 Rxa2 38. Kb3 1/2-1/2

[Event "Plzen, FSB A"]
[Site "?"]
[Date "2003.??.??"]
[Round "4.50"]
[White "Sedlacek, J."]
[Black "Traczewski, W."]
[Result "1-0"]
[WhiteElo "2083"]
[BlackElo "1800"]
[PlyCount "67"]
[EventDate "2003.??.??"]
[Source "ChessBase"]
[SourceDate "1996.11.15"]

1. c4 Nf6 2. Nc3 g6 3. g3 Bg7 4. Bg2 O-O 5. Nf3 d6 6. O-O Nbd7 7. Rb1 c5 8. a3
Rb8 9. b4 cxb4 10. axb4 Nb6 11. d3 Bf5 12. Qb3 Qd7 13. c5 Be6 14. Qa3 Nbd5 15.
Nxd5 Nxd5 16. d4 b6 17. cxd6 Qxd6 18. e4 Nc7 19. Bf4 Qd7 20. d5 Bg4 21. Qxa7
Rfc8 22. Rfc1 Ra8 23. Qxb6 Nb5 24. Rxc8+ Rxc8 25. Qa6 Nc3 26. Re1 Nxe4 27. Rxe4
Qxd5 28. Re1 Ra8 29. Qe2 Bc3 30. Rd1 Qb3 31. h3 Ra2 32. Qd3 Bxf3 33. Bxf3 Qxb4
34. Bh6 1-0

[Event "Plzen, FSB A"]
[Site "?"]
[Date "2003.??.??"]
[Round "4.51"]
[White "Pravdik, K."]
[Black "Snaidr, J."]
[Result "1/2-1/2"]
[WhiteElo "1893"]
[BlackElo "2063"]
[PlyCount "77"]
[EventDate "2003.??.??"]
[Source "ChessBase"]
[SourceDate "1996.11.15"]

1. e4 c5 2. Nf3 d6 3. d4 cxd4 4. Nxd4 Nf6 5. Nc3 Nc6 6. Be3 Ng4 7. Nxc6 bxc6 8.
Qd2 Nxe3 9. Qxe3 Qb6 10. Qxb6 axb6 11. Be2 g6 12. O-O Bg7 13. Nd1 Be6 14. a3
O-O 15. c3 b5 16. Ne3 Ra4 17. Bd3 Rfa8 18. Rab1 Rb8 19. f4 Ba2 20. Rbc1 Bb3 21.
Rf2 c5 22. Nc2 Ra7 23. g3 Rab7 24. Kg2 Bf6 25. Re1 e5 26. f5 Bd8 27. fxg6 fxg6
28. Rd1 Rf7 29. Rdf1 Rxf2+ 30. Rxf2 Bg5 31. Na1 Be6 32. h4 Be7 33. Nc2 g5 34.
hxg5 Bxg5 35. Rf1 Bd7 36. c4 Be6 37. cxb5 c4 38. Be2 Rxb5 39. Nb4 1/2-1/2

[Event "Plzen, FSB A"]
[Site "?"]
[Date "2003.??.??"]
[Round "4.52"]
[White "Kolar, J."]
[Black "Toman, J."]
[Result "1/2-1/2"]
[WhiteElo "2063"]
[BlackElo "1940"]
[PlyCount "133"]
[EventDate "2003.??.??"]
[Source "ChessBase"]
[SourceDate "1996.11.15"]

1. e4 c5 2. Nf3 Nc6 3. Bb5 g6 4. O-O Bg7 5. Re1 Nf6 6. c3 O-O 7. d4 cxd4 8.
cxd4 d5 9. e5 Ne4 10. Nc3 Nxc3 11. bxc3 Qa5 12. Qa4 Qxa4 13. Bxa4 Bg4 14. Ba3
Rfc8 15. Nd2 Bh6 16. Nb3 Kf8 17. h3 Bf5 18. g4 Bc2 19. Bc1 Bxc1 20. Raxc1 Bxb3
21. axb3 Na5 22. e6 a6 23. b4 Nc4 24. exf7 b5 25. Bb3 Kxf7 26. Ra1 e6 27. Bxc4
Rxc4 28. Ra3 Ke7 29. Kg2 Rc6 30. f4 Kf6 31. Re3 Rac8 32. Kf2 Ra8 33. Ke2 a5 34.
bxa5 Rca6 35. Re5 Rxa5 36. Rxa5 Rxa5 37. f5 gxf5 38. gxf5 exf5 39. Rxd5 Ra2+
40. Kf3 Rb2 41. Rc5 Rb1 42. h4 Rf1+ 43. Kg2 Rb1 44. Kf3 Rf1+ 45. Kg2 Rb1 46.
Rc6+ Kf7 47. h5 Kg7 48. Rc5 Kf6 49. Rc6+ Kg5 50. h6 Rb2+ 51. Kf3 Rb3 52. Ke2 f4
53. d5 Kf5 54. Rc7 Ke5 55. Rxh7 Rxc3 56. Rh8 Re3+ 57. Kf2 Rh3 58. h7 Kxd5 59.
Rd8+ Kc4 60. h8=Q Rxh8 61. Rxh8 b4 62. Rh4 Kc3 63. Rxf4 b3 64. Rf8 b2 65. Rc8+
Kd2 66. Rb8 Kc2 67. Ke2 1/2-1/2

[Event "Plzen, FSB A"]
[Site "?"]
[Date "2003.??.??"]
[Round "4.53"]
[White "Vinklarek, O."]
[Black "Kubik, J."]
[Result "1-0"]
[WhiteElo "2061"]
[BlackElo "1863"]
[PlyCount "80"]
[EventDate "2003.??.??"]
[Source "ChessBase"]
[SourceDate "1996.11.15"]

1. e4 e5 2. Nc3 Nf6 3. f4 d5 4. fxe5 Nxe4 5. Nf3 Be7 6. d4 O-O 7. Bd3 f5 8.
exf6 Bxf6 9. O-O Nc6 10. Nxe4 dxe4 11. Bxe4 Nxd4 12. Ng5 Bf5 13. Bxf5 Nxf5 14.
Qxd8 Raxd8 15. Ne6 Bd4+ 16. Nxd4 Nxd4 17. Bg5 Rxf1+ 18. Rxf1 Rd5 19. Be7 Nf5
20. Bb4 g6 21. Re1 Kf7 22. a3 b5 23. b3 h5 24. Kf2 a6 25. Rc1 c6 26. c4 bxc4
27. Rxc4 Nd4 28. Bc3 Nxb3 29. Rxc6 Rc5 30. Rxc5 Nxc5 31. Ke3 Ke6 32. Kd4 Nd7
33. Bb4 g5 34. Bd2 g4 35. Ke4 Ne5 36. Kf4 h4 37. Bc3 g3 38. hxg3 Nc4 39. gxh4
Nxa3 40. h5 Nc4 1-0

[Event "Plzen, FSB A"]
[Site "?"]
[Date "2003.??.??"]
[Round "4.54"]
[White "Hasek, P."]
[Black "Miskolczi, V."]
[Result "1-0"]
[WhiteElo "1934"]
[BlackElo "2019"]
[PlyCount "91"]
[EventDate "2003.??.??"]
[Source "ChessBase"]
[SourceDate "1996.11.15"]

1. e4 e5 2. Nf3 Nc6 3. Bb5 a6 4. Bxc6 dxc6 5. O-O Bd6 6. h3 Ne7 7. d4 exd4 8.
Qxd4 O-O 9. Nc3 Re8 10. Be3 Ng6 11. Rad1 Qe7 12. Qd2 b5 13. Rfe1 b4 14. Na4 Bd7
15. Bg5 f6 16. e5 fxg5 17. exd6 Qxd6 18. Qxd6 cxd6 19. Rxe8+ Rxe8 20. Rxd6 g4
21. Nd4 Ne5 22. Nc5 Bc8 23. hxg4 Nxg4 24. Nf3 Bf5 25. Nxa6 c5 26. c3 bxc3 27.
bxc3 c4 28. Nb4 h6 29. Rd1 Ra8 30. Nd4 Bd3 31. Ra1 Kf7 32. g3 g5 33. f3 Ne5 34.
Kf2 Kg6 35. Re1 Kf6 36. Nd5+ Kf7 37. Rxe5 Rxa2+ 38. Ke3 Ra1 39. Nc6 Rg1 40. g4
Re1+ 41. Kd4 Rf1 42. Re7+ Kf8 43. Ne5 Rd1 44. Rf7+ Kg8 45. Nf6+ Kh8 46. Nxd3
1-0